Algebraic curves

Αποθηκεύτηκε σε:
Λεπτομέρειες βιβλιογραφικής εγγραφής
Κύριος συγγραφέας: Walker, Robert J. (Robert John), 1909-1992
Μορφή: Βιβλίο
Γλώσσα:English
Δημοσίευση: New York : Dover Publications, 1962, c1950.
Σειρά:Dover books on advanced mathematics
Θέματα:
Ετικέτες: Προσθήκη ετικέτας
Δεν υπάρχουν, Καταχωρήστε ετικέτα πρώτοι!

MARC

LEADER 00000cam a2200000 i 4500
001 1/354
008 090625s1962 nyu| ||| |||| ||eng||
035 |l 10105207 
040 |a GR-MyUa  |b gre  |e AACR2 
041 0 |a eng 
082 7 |a 516.352   |2 (22) 
100 1 |a Walker, Robert J.   |q (Robert John),   |d 1909-1992. 
245 1 0 |a Algebraic curves /   |c by Robert J. Walker. 
260 |a New York :   |b Dover Publications,   |c 1962, c1950. 
300 |a x, 201 σ. ;   |c 22 εκ. 
490 1 |a (Dover books on advanced mathematics) 
500 |a Περιλαμβάνει ευρετήριο. 
650 0 0 |a Geometry, Algebraic. 
650 0 0 |a Curves, Algebraic. 
830 0 |a Dover books on advanced mathematics 
852 |a INST  |b SAMOS  |c MAG  |e 20090625  |h 516.352 WAL  |p 005300028558  |q 005300028558  |t BK  |y 0 
901 |a BIBL3-2009-2 
970 |a ΜΑΛΑΓΑΡΗ  |b ΦΩΤΕΙΝΗ  |z 2009/06/25